01001nam a2200241 a 4500001001000000003000500010005001700015008004100032010001100073011001100084040000900095100002900104245016200133260004100295500006000336502007500396650003900471650004000510650005500550650004200605650004200647856007000689000108848CHAP20220329144026.0140314s2013 mx sm |||||||spa d a105310 a106282 cCHAP1 aFabián Barrios, Enelvi10aCaracterización de las Publicaciones sobre mejoramiento genético animal en Revistas Científicas de Méxicoh[En línea]cpor Enelvi Fabián Barrios. aChapingo, Méx. :bEl autor,c2013. aPara ver el contenido del material haga clic en la liga aTesis (Ing. Agr. Esp. en Zootecnia) -- UACH. Departamento de Zootecnia14aAnimales domésticosxGenética.14aAnimales domésticosxMejoramiento14aAnimales domésticosxPublicaciones periódicas.14aPublicaciones periódicas mexicanas.14aPublicaciones periódicasxMéxico. aFinding aiduhttp://10.13.5.2/tesis/sist108848.pdfzTeclea aquí